| 000 -LEADER |
| fixed length control field |
00825pab a2200145 454500 |
| 008 - FIXED-LENGTH DATA ELEMENTS--GENERAL INFORMATION |
| fixed length control field |
180718b2002 xxu||||| |||| 00| 0 eng d |
| 100 ## - MAIN ENTRY--PERSONAL NAME |
| Personal name |
Kirchgasner, Gebhard |
| 245 ## - TITLE STATEMENT |
| Title |
On the role of heroes in political and economic processes |
| 260 ## - PUBLICATION, DISTRIBUTION, ETC. |
| Date of publication, distribution, etc. |
2002 |
| 300 ## - PHYSICAL DESCRIPTION |
| Extent |
p.179-95 |
| 520 ## - SUMMARY, ETC. |
| Summary, etc. |
After discussing various approaches about heroic behaviour in the literature, we first define and classify moral behaviour, in distinction to intrinsically motivated and `prudent' behaviour. Then, we present some arguments on the function of heroic behaviour in a modern democratic society. We conclude with some remarks on methodological as well as social problems which arise or may arise if behaviour can not be influenced by extrinsic incentives. - Reproduced. |
| 650 ## - SUBJECT ADDED ENTRY--TOPICAL TERM |
| Topical term or geographic name entry element |
Economic systems |
| 773 ## - HOST ITEM ENTRY |
| Main entry heading |
Kyklos |
| 909 ## - |
| -- |
52596 |